Bert Boonstra Coll. of the Pan-American Exposition (auction#3023 Oct 2018) (Record no. 3088)
[ view plain ]
| 000 -LEADER | |
|---|---|
| fixed length control field | 00308nam a22000977a 4500 |
| 008 - FIXED-LENGTH DATA ELEMENTS--GENERAL INFORMATION | |
| fixed length control field | 200907b ||||| |||| 00| 0 eng d |
| 100 ## - MAIN ENTRY--AUTHOR'S NAME | |
| Author's Name | H. R. Harmer Auctions |
| 245 ## - TITLE STATEMENT | |
| Title | Bert Boonstra Coll. of the Pan-American Exposition (auction#3023 Oct 2018) |
| 260 ## - PUBLICATION, DISTRIBUTION, ETC. (IMPRINT) | |
| Name of publisher, distributor, etc. | H.R. Harmer |
| Date of publication, distribution, etc. | 2018 |
| 650 ## - TOPICAL TERM (Tag) | |
| Topical term or geographic name | Pan American Expositon |
| Withdrawn status | Lost status | Source of classification or shelving scheme | Damaged status | Koha normalized classification for sorting | Not for loan | Permanent Location | Current Location | Shelving location | Date acquired | Total Checkouts | Full call number | Barcode | Date last seen | Copy number | Price effective from | Koha item type |
|---|---|---|---|---|---|---|---|---|---|---|---|---|---|---|---|---|
| G3801 E96 H287 | Northern Philatelic Library | Northern Philatelic Library | General Stacks | 09/07/2020 | G3801 E96 H287 | 1005514 | 09/07/2020 | 1 | 09/07/2020 | Auction Catalogs |